MARC details
| 000 -LEADER |
| fixed length control field |
03165cam a22005297i 4500 |
| 001 - CONTROL NUMBER |
| control field |
17861802 |
| 003 - CONTROL NUMBER IDENTIFIER |
| control field |
OSt |
| 005 - DATE AND TIME OF LATEST TRANSACTION |
| control field |
20160901143804.0 |
| 008 - FIXED-LENGTH DATA ELEMENTS--GENERAL INFORMATION |
| fixed length control field |
130822t20142014maua 001 0 eng d |
| 010 ## - LIBRARY OF CONGRESS CONTROL NUMBER |
| LC control number |
2013948718 |
| 015 ## - NATIONAL BIBLIOGRAPHY NUMBER |
| National bibliography number |
GBB371747 |
| Source |
bnb |
| 016 7# - NATIONAL BIBLIOGRAPHIC AGENCY CONTROL NUMBER |
| Record control number |
016472732 |
| Source |
Uk |
| 020 ## - INTERNATIONAL STANDARD BOOK NUMBER |
| International Standard Book Number |
9781285778884 |
| 020 ## - INTERNATIONAL STANDARD BOOK NUMBER |
| International Standard Book Number |
128577888X |
| 020 ## - INTERNATIONAL STANDARD BOOK NUMBER |
| International Standard Book Number |
1285779193 (electronic bk.) |
| 020 ## - INTERNATIONAL STANDARD BOOK NUMBER |
| International Standard Book Number |
9781285779195 (electronic bk.) |
| 035 ## - SYSTEM CONTROL NUMBER |
| System control number |
(OCoLC)ocn856193255 |
| 037 ## - SOURCE OF ACQUISITION |
| Source of stock number/acquisition |
Cengage Learning Ptr, C/O Cengage Learning 10650 Toebben Dr, Independence, KY, USA, 41051 |
| 040 ## - CATALOGING SOURCE |
| Original cataloging agency |
UKMGB |
| Language of cataloging |
eng |
| Transcribing agency |
UKMGB |
| Description conventions |
rda |
| Modifying agency |
OCLCO |
| -- |
BTCTA |
| -- |
YDXCP |
| -- |
NYP |
| -- |
S4S |
| -- |
CHVBK |
| -- |
OCLCF |
| -- |
CDX |
| -- |
TOH |
| -- |
DLC |
| 042 ## - AUTHENTICATION CODE |
| Authentication code |
lccopycat |
| 050 00 - LIBRARY OF CONGRESS CALL NUMBER |
| Classification number |
HF5548.4.M523 |
| Item number |
R64 2014 |
| 082 04 - DEWEY DECIMAL CLASSIFICATION NUMBER |
| Classification number |
DC 005.54 |
| Edition number |
23 |
| Item number |
R593 |
| 100 1# - MAIN ENTRY--PERSONAL NAME |
| Personal name |
Rockoff, Larry, |
| Relator term |
author. |
| 245 10 - TITLE STATEMENT |
| Title |
Microsoft Excel 2013 for the business analyst / |
| Statement of responsibility, etc. |
Larry Rockoff. |
| 264 #1 - PRODUCTION, PUBLICATION, DISTRIBUTION, MANUFACTURE, AND COPYRIGHT NOTICE |
| Place of production, publication, distribution, manufacture |
Boston, MA : |
| Name of producer, publisher, distributor, manufacturer |
Cengage Learning PTR, |
| Date of production, publication, distribution, manufacture, or copyright notice |
[2014] |
| 264 #4 - PRODUCTION, PUBLICATION, DISTRIBUTION, MANUFACTURE, AND COPYRIGHT NOTICE |
| Date of production, publication, distribution, manufacture, or copyright notice |
©2014 |
| 300 ## - PHYSICAL DESCRIPTION |
| Extent |
xiv, 401 pages : |
| Other physical details |
illustrations ; |
| Dimensions |
23 cm |
| 336 ## - CONTENT TYPE |
| Content type term |
text |
| Source |
rdacontent |
| 337 ## - MEDIA TYPE |
| Media type term |
unmediated |
| Source |
rdamedia |
| 338 ## - CARRIER TYPE |
| Carrier type term |
volume |
| Source |
rdacarrier |
| 500 ## - GENERAL NOTE |
| General note |
Includes index. |
| 520 8# - SUMMARY, ETC. |
| Summary, etc. |
Annotation |
| Expansion of summary note |
As one of the most popular software tools in the world, Microsoft Excel is used by business analysts across the globe to keep track of details, look deeply into the data that drives business, and provide managers with the information and insights they need to keep their companies moving forward. MICROSOFT EXCEL 2013 FOR THE BUSINESS ANALYST is an introduction to Excel, written by a business analyst for business analysts. While providing a general overview of the features and functions of Excel, the book places special emphasis on helping users in the task of data analysis. The book begins with a conceptual overview and a discussion of Excel's main components--cells, worksheets, tables, pivot tables, and pivot charts. That material provides an understanding of how Excel summarizes data and paves the way for a detailed exploration of the software's formulas and functions. Written in an easy-to-grasp style, with plenty of helpful screenshots, MICROSOFT EXCEL 2013 FOR THE BUSINESS ANALYST is perfect for analysts who are new to Excel or experienced users who wish to learn more about Excel's business-analysis capabilities. |
| 630 00 - SUBJECT ADDED ENTRY--UNIFORM TITLE |
| Uniform title |
Microsoft Excel (Computer file) |
| 630 07 - SUBJECT ADDED ENTRY--UNIFORM TITLE |
| Uniform title |
Microsoft Excel (Computer file) |
| Source of heading or term |
fast |
| Authority record control number |
(OCoLC)fst01366659 |
| 650 #0 - SUBJECT ADDED ENTRY--TOPICAL TERM |
| Topical term or geographic name as entry element |
Electronic spreadsheets |
| General subdivision |
Computer programs. |
| 650 #7 - SUBJECT ADDED ENTRY--TOPICAL TERM |
| Topical term or geographic name as entry element |
Electronic spreadsheets |
| General subdivision |
Computer programs. |
| Source of heading or term |
fast |
| Authority record control number |
(OCoLC)fst00907465 |
| 650 #7 - SUBJECT ADDED ENTRY--TOPICAL TERM |
| Topical term or geographic name as entry element |
EXCEL 2013. |
| Source of heading or term |
gnd |
| 650 #7 - SUBJECT ADDED ENTRY--TOPICAL TERM |
| Topical term or geographic name as entry element |
Visualisierung. |
| Source of heading or term |
gnd |
| 650 #7 - SUBJECT ADDED ENTRY--TOPICAL TERM |
| Topical term or geographic name as entry element |
Datenanalyse. |
| Source of heading or term |
gnd |
| 856 41 - ELECTRONIC LOCATION AND ACCESS |
| Materials specified |
Table of contents only |
| Uniform Resource Identifier |
<a href="http://www.loc.gov/catdir/enhancements/fy1506/2013948718-t.html">http://www.loc.gov/catdir/enhancements/fy1506/2013948718-t.html</a> |
| 856 42 - ELECTRONIC LOCATION AND ACCESS |
| Materials specified |
Publisher description |
| Uniform Resource Identifier |
<a href="http://www.loc.gov/catdir/enhancements/fy1506/2013948718-d.html">http://www.loc.gov/catdir/enhancements/fy1506/2013948718-d.html</a> |
| 856 42 - ELECTRONIC LOCATION AND ACCESS |
| Materials specified |
Contributor biographical information |
| Uniform Resource Identifier |
<a href="http://www.loc.gov/catdir/enhancements/fy1506/2013948718-b.html">http://www.loc.gov/catdir/enhancements/fy1506/2013948718-b.html</a> |
| 906 ## - LOCAL DATA ELEMENT F, LDF (RLIN) |
| a |
7 |
| b |
cbc |
| c |
copycat |
| d |
2 |
| e |
ncip |
| f |
20 |
| g |
y-gencatlg |
| 942 ## - ADDED ENTRY ELEMENTS (KOHA) |
| Source of classification or shelving scheme |
Dewey Decimal Classification |
| Koha item type |
Circulation |